[Event "13th Philadelphia International"]
[Site "Philadelphia"]
[Date "2019.06.29"]
[Round "5"]
[White "Cupid, Kevin"]
[Black "Mulyar, Michael"]
[Result "0-1"]
[WhiteElo "2150"]
[BlackElo "2381"]
[PlyCount "102"]
[EventDate "2019.06.??"]
[EventType "swiss"]
[EventRounds "9"]
[EventCountry "USA"]

1. d4 d5 2. Nf3 Nf6 3. e3 c5 4. Bb5+ Bd7 5. Be2 g6 6. O-O Bg7 7. Ne5 O-O 8. Nd2
Bf5 9. c3 Nc6 10. Nxc6 bxc6 11. Qa4 Qb6 12. g4 Be6 13. g5 Nd7 14. f4 cxd4 15.
cxd4 c5 16. Nb3 Rab8 17. Qa6 Qxa6 18. Bxa6 c4 19. Na5 Rb6 20. Bb7 Rb8 21. Bc6
Ra6 22. Bd2 Rxb2 23. Bc3 Rb8 24. a3 Rab6 25. Bb4 Rc8 26. Ba4 Bf8 27. e4 Nb8 28.
f5 Bd7 29. Bxd7 Nxd7 30. exd5 Rb5 31. fxg6 hxg6 32. Nc6 Rxd5 33. Nxe7+ Bxe7 34.
Bxe7 Rxd4 35. Rfd1 Rxd1+ 36. Rxd1 c3 37. Kf2 Nc5 38. Bxc5 Rxc5 39. Rc1 Kg7 40.
Ke2 Rxg5 41. Rxc3 Rg2+ 42. Kf1 Rxh2 43. Rc7 a5 44. Ra7 Rh5 45. Kf2 Rf5+ 46. Ke3
g5 47. Rb7 Kg6 48. Rb8 Re5+ 49. Kd4 f6 50. a4 g4 51. Rb5 Kf5 0-1

[Event "13th Philadelphia International"]
[Site "Philadelphia"]
[Date "2019.06.29"]
[Round "5"]
[White "Maximilian Zinski"]
[Black "Sarkar, Justin"]
[Result "1/2-1/2"]
[WhiteElo "2042"]
[BlackElo "2359"]
[PlyCount "65"]
[EventDate "2019.06.??"]
[EventType "swiss"]
[EventRounds "9"]
[EventCountry "USA"]

1. e4 e5 2. Nf3 Nc6 3. Bb5 d6 4. c3 Bd7 5. O-O g5 6. d4 g4 7. Ne1 h5 8. f4 exf4
9. Bxf4 Bh6 10. Nd3 Qe7 11. Nd2 O-O-O 12. Qb3 a6 13. Bxc6 Bxc6 14. Rae1 Bxf4
15. Nxf4 Nh6 16. d5 Bb5 17. c4 Bd7 18. Qe3 Kb8 19. b4 h4 20. a4 Rde8 21. a5 Qe5
22. Qd3 Rhg8 23. b5 axb5 24. cxb5 f5 25. b6 c5 26. Nc4 Qf6 27. a6 fxe4 28. Qa3
Qd4+ 29. Ne3 Qa4 30. a7+ Ka8 31. Qxa4 Bxa4 32. Ne6 Rg7 33. Nxg7 1/2-1/2

[Event "13th Philadelphia International"]
[Site "Philadelphia"]
[Date "2019.06.29"]
[Round "5"]
[White "Luo, Terry"]
[Black "Harriott, Tyrell"]
[Result "1-0"]
[WhiteElo "2072"]
[BlackElo "2003"]
[PlyCount "106"]
[EventDate "2019.06.??"]
[EventType "swiss"]
[EventRounds "9"]
[EventCountry "USA"]

1. d4 d5 2. c4 e6 3. Nf3 c6 4. g3 Bd6 5. Qc2 f5 6. Nc3 Nf6 7. Bg5 O-O 8. e3 Qe8
9. Bf4 Be7 10. Be2 Ne4 11. h4 Na6 12. a3 Qd8 13. O-O Nc7 14. cxd5 Nxc3 15. bxc3
Nxd5 16. Bg5 Nf6 17. c4 h6 18. Bf4 Nd7 19. h5 Bf6 20. Bd6 Re8 21. Ne5 Nb6 22.
c5 Nd5 23. Bd3 Bxe5 24. Bxe5 Qg5 25. e4 Nf6 26. Bxf6 Qxf6 27. Rad1 Rf8 28. exf5
exf5 29. Bc4+ Kh8 30. Rfe1 f4 31. Qg6 Bf5 32. Qxf6 Rxf6 33. gxf4 Bg4 34. Rb1
Rxf4 35. Rxb7 Bf3 36. Rf7 Rxd4 37. Rxf3 Rxc4 38. Re5 Rd8 39. Rf7 a5 40. Rc7 Rd5
41. Rxd5 cxd5 42. c6 d4 43. Rc8+ Kh7 44. Kf1 d3 45. Ke1 Rc2 46. c7 g6 47. hxg6+
Kg7 48. f4 h5 49. f5 h4 50. f6+ Kxf6 51. Rf8+ Kxg6 52. c8=Q Rxc8 53. Rxc8 Kg5
1-0

[Event "13th Philadelphia International"]
[Site "Philadelphia"]
[Date "2019.06.29"]
[Round "4.1"]
[White "Stukopin, Andrey"]
[Black "Nyzhnyk, Illya"]
[Result "1/2-1/2"]
[WhiteElo "2562"]
[BlackElo "2649"]
[PlyCount "50"]
[EventDate "2019.06.??"]
[EventType "swiss"]
[EventRounds "9"]
[EventCountry "USA"]

1. e4 e5 2. Nf3 Nf6 3. Nc3 Nc6 4. Bb5 Nd4 5. Bc4 Bc5 6. Nxe5 Qe7 7. Nf3 d5 8.
Nxd4 dxc4 9. Nf3 Nxe4 10. O-O O-O 11. Qe2 Nxc3 12. Qxe7 Bxe7 13. dxc3 Bf5 14.
Bf4 Bxc2 15. Bxc7 Rac8 16. Bf4 f6 17. Rfe1 Kf7 18. Nd4 Bd3 19. h4 Rfd8 20. f3
Bc5 21. Be3 Rd6 22. Rad1 Re8 23. Kf2 Rd5 24. Nc2 Bd6 25. Nb4 Bxb4 1/2-1/2

[Event "13th Philadelphia International"]
[Site "Philadelphia"]
[Date "2019.06.29"]
[Round "4.2"]
[White "Lenderman, Aleksandr"]
[Black "Quesada Perez, Yasser"]
[Result "1-0"]
[WhiteElo "2640"]
[BlackElo "2577"]
[PlyCount "147"]
[EventDate "2019.06.??"]
[EventType "swiss"]
[EventRounds "9"]
[EventCountry "USA"]

1. Nf3 d5 2. e3 Nf6 3. c4 dxc4 4. Bxc4 e6 5. O-O c5 6. b3 Nc6 7. Bb2 Be7 8. Qe2
O-O 9. Rd1 Bd7 10. d4 cxd4 11. Nxd4 Qa5 12. Nf3 Rfd8 13. a3 Be8 14. Nbd2 Qh5
15. b4 Nd7 16. Ne4 Nb6 17. Bb3 Rxd1+ 18. Rxd1 Rd8 19. Rc1 a6 20. Nc5 Rb8 21.
Qe1 Qh6 22. Ne5 Bd6 23. Ng4 Qg6 24. f3 h5 25. Nf2 Be5 26. Bc3 Nd7 27. Nfd3 Bxc3
28. Qxc3 Nxc5 29. Nxc5 h4 30. Bc2 Qf6 31. Qxf6 gxf6 32. Ne4 Kg7 33. Nd6 Ne5 34.
Be4 Bc6 35. Bxc6 Nxc6 36. Rc4 h3 37. Nxb7 Ne5 38. Rc7 Kg6 39. f4 Ng4 40. e4 Rh8
41. Rc3 f5 42. exf5+ Kxf5 43. Nd6+ Kf6 44. gxh3 Nh6 45. Kf2 Nf5 46. Ne4+ Kg6
47. Nc5 Rh4 48. Nd3 Kf6 49. Kg1 Rxh3 50. Nc5 Rxc3 51. Ne4+ Kg6 52. Nxc3 Kh5 53.
Ne4 Nd4 54. Nc5 Nc2 55. Nxa6 Nxa3 56. h3 Kh4 57. Kh2 f6 58. Nc7 e5 59. b5 Nc4
60. Nd5 exf4 61. Nxf4 Nb6 62. Kg2 Kg5 63. Kg3 Kf5 64. h4 Nc4 65. h5 Kg5 66. Kf3
f5 67. Ke2 Kf6 68. Kd3 Nd6 69. b6 Ke5 70. Kc3 Kf6 71. Kd4 Kg5 72. Kd5 Nb7 73.
Kc6 Na5+ 74. Kc7 1-0

[Event "13th Philadelphia International"]
[Site "Philadelphia"]
[Date "2019.06.29"]
[Round "4.3"]
[White "Sheng, Joshua"]
[Black "Bruzon Batista, Lazaro"]
[Result "1/2-1/2"]
[WhiteElo "2449"]
[BlackElo "2657"]
[PlyCount "40"]
[EventDate "2019.06.??"]
[EventType "swiss"]
[EventRounds "9"]
[EventCountry "USA"]

1. d4 Nf6 2. c4 e6 3. g3 Bb4+ 4. Bd2 Be7 5. Bg2 d5 6. Nf3 O-O 7. O-O Nbd7 8.
Qc2 Ne4 9. Bf4 c6 10. Nfd2 Nd6 11. e4 Nxc4 12. Nxc4 dxc4 13. Qxc4 e5 14. dxe5
g5 15. Bd2 Nxe5 16. Qc1 Bf6 17. Bc3 g4 18. Nd2 Be6 19. Nb3 Bg7 20. Nd4 Qe7
1/2-1/2

[Event "13th Philadelphia International"]
[Site "Philadelphia"]
[Date "2019.06.29"]
[Round "4.4"]
[White "Katz, Alexander"]
[Black "Andriasian, Zaven"]
[Result "0-1"]
[WhiteElo "2427"]
[BlackElo "2600"]
[PlyCount "82"]
[EventDate "2019.06.??"]
[EventType "swiss"]
[EventRounds "9"]
[EventCountry "USA"]

1. Nf3 d5 2. d4 Nf6 3. Bf4 Bg4 4. Ne5 Bf5 5. e3 e6 6. g4 Nxg4 7. Nxg4 h5 8. Ne5
f6 9. Rg1 fxe5 10. Bxe5 Qd7 11. Bd3 Nc6 12. Bxf5 exf5 13. Rg5 Nxe5 14. dxe5
O-O-O 15. Rxh5 Rxh5 16. Qxh5 d4 17. exd4 Qxd4 18. Qxf5+ Kb8 19. Nc3 Bb4 20. Qf3
Qxe5+ 21. Kf1 Qxh2 22. Rd1 Rc8 23. Ne4 a6 24. Rd5 Qh6 25. Kg2 Rh8 26. Ng3 Qh3+
27. Kg1 Re8 28. Rd1 Bc5 29. Qc3 Qg4 30. Rd3 Bb6 31. Kg2 Rh8 32. Rf3 Ka7 33. b3
Rh6 34. a4 a5 35. Qd3 Qh3+ 36. Kg1 g5 37. Qf5 g4 38. Rd3 Qh4 39. b4 Rf6 40. Qh5
Bxf2+ 41. Kg2 Bxg3 0-1

[Event "13th Philadelphia International"]
[Site "Philadelphia"]
[Date "2019.06.29"]
[Round "4"]
[White "Gareyev, Timur"]
[Black "Wang, Qibiao"]
[Result "1-0"]
[WhiteElo "2584"]
[BlackElo "2268"]
[PlyCount "53"]
[EventDate "2019.06.??"]
[EventType "swiss"]
[EventRounds "9"]
[EventCountry "USA"]

1. Nf3 d5 2. c4 e6 3. g3 Nf6 4. Bg2 Be7 5. O-O O-O 6. b3 d4 7. e3 Nc6 8. exd4
Nxd4 9. Bb2 Bc5 10. Ne5 Qd6 11. Re1 Rd8 12. Nc3 Rb8 13. a3 a5 14. Na4 Bd7 15.
Nxc5 Qxc5 16. b4 Qa7 17. Bc3 a4 18. c5 Bb5 19. Ng4 Ne8 20. Nh6+ Kf8 21. Re4 Nf5
22. Nxf5 exf5 23. Rh4 h6 24. Qh5 Bd3 25. Bxg7+ Nxg7 26. Qxh6 f6 27. Qg6 1-0

[Event "13th Philadelphia International"]
[Site "Philadelphia"]
[Date "2019.06.29"]
[Round "4"]
[White "Talukdar, Rohan"]
[Black "Barbosa, Oliver"]
[Result "1/2-1/2"]
[WhiteElo "2384"]
[BlackElo "2543"]
[PlyCount "91"]
[EventDate "2019.06.??"]
[EventType "swiss"]
[EventRounds "9"]
[EventCountry "USA"]

1. e4 c6 2. d4 d5 3. Nc3 dxe4 4. Nxe4 Nd7 5. Ng5 Ngf6 6. Bd3 e6 7. N1f3 Bd6 8.
Qe2 h6 9. Ne4 Nxe4 10. Qxe4 Qc7 11. O-O b6 12. Qg4 Kf8 13. b3 Bb7 14. Bb2 Nf6
15. Qh4 Nd5 16. Rfe1 Nf4 17. Ne5 g5 18. Qg4 Rd8 19. Rad1 f5 20. Bxf5 exf5 21.
Qxf5+ Kg8 22. Ng6 Qf7 23. Qxf7+ Kxf7 24. Nxh8+ Rxh8 25. g3 Nd5 26. c4 Nf6 27.
Re3 Re8 28. Rxe8 Nxe8 29. Bc1 Ng7 30. f4 g4 31. Kf2 h5 32. Bb2 Be7 33. a4 Bb4
34. Rc1 Nf5 35. Rd1 Bc8 36. Ke2 Nd6 37. d5 Bf5 38. dxc6 Be4 39. Rd5 Bxd5 40.
cxd5 Bc5 41. Be5 Ke7 42. Kd3 a6 43. Bd4 a5 44. Be5 Nf5 45. Ke4 Nd6+ 46. Kd3
1/2-1/2

[Event "13th Philadelphia International"]
[Site "Philadelphia"]
[Date "2019.06.29"]
[Round "4"]
[White "Mandizha, Farai"]
[Black "Quesada Perez, Yuniesky"]
[Result "0-1"]
[WhiteElo "2386"]
[BlackElo "2626"]
[PlyCount "92"]
[EventDate "2019.06.??"]
[EventType "swiss"]
[EventRounds "9"]
[EventCountry "USA"]

1. d4 Nf6 2. c4 e6 3. Nf3 Bb4+ 4. Bd2 c5 5. Qc2 Nc6 6. dxc5 Bxc5 7. Nc3 b6 8.
a3 Bb7 9. b4 Be7 10. e4 Qb8 11. Be2 O-O 12. Rd1 h6 13. h3 a5 14. b5 Ne5 15. Bc1
Rc8 16. Nxe5 Qxe5 17. f4 Qc5 18. e5 Bxg2 19. Na4 Ne4 20. Qxe4 Bxe4 21. Nxc5
Bxc5 22. Rf1 Ra7 23. Bf3 Bc2 24. Rd2 Bb3 25. Be2 Bxc4 26. Bxc4 Be3 27. Rd6 Bxc1
28. Bd3 Be3 29. Be4 Rc4 30. Bd3 Rc3 31. Rf3 Rc1+ 32. Ke2 Bc5 33. Kd2 Bxd6 34.
Kxc1 Bxa3+ 35. Kd1 Bc5 36. Bb1 a4 37. Rd3 Kf8 38. h4 h5 39. Ba2 Ke8 40. Ke2 Ra5
41. Bc4 a3 42. Rd2 Be7 43. Kf3 Bxh4 44. Rc2 Be7 45. Kg3 g6 46. Kf3 Bc5 0-1

[Event "13th Philadelphia International"]
[Site "Philadelphia"]
[Date "2019.06.29"]
[Round "4"]
[White "Mulyar, Michael"]
[Black "Corrales Jimenez, Fidel"]
[Result "0-1"]
[WhiteElo "2381"]
[BlackElo "2549"]
[PlyCount "46"]
[EventDate "2019.06.??"]
[EventType "swiss"]
[EventRounds "9"]
[EventCountry "USA"]

1. d4 Nf6 2. Nf3 g6 3. c4 Bg7 4. g3 c6 5. Bg2 O-O 6. O-O d5 7. Nbd2 a5 8. b3
Bf5 9. Bb2 Ne4 10. Nh4 Nxd2 11. Qxd2 Be6 12. f4 f5 13. Qe3 Bf7 14. cxd5 Bxd5
15. Nf3 Nd7 16. Ng5 Nf6 17. Rfc1 Bxg2 18. Kxg2 Qd5+ 19. Kg1 Rfd8 20. Qe6+ Qxe6
21. Nxe6 Rd6 22. d5 Rxd5 23. Nc7 Ne8 0-1

[Event "13th Philadelphia International"]
[Site "Philadelphia"]
[Date "2019.06.29"]
[Round "4"]
[White "Niemann, Hans"]
[Black "Peredun, Andrew"]
[Result "1/2-1/2"]
[WhiteElo "2460"]
[BlackElo "2344"]
[PlyCount "126"]
[EventDate "2019.06.??"]
[EventType "swiss"]
[EventRounds "9"]
[EventCountry "USA"]

1. d4 d5 2. Nc3 c5 3. e4 dxe4 4. Bb5+ Bd7 5. dxc5 Nf6 6. Be3 e6 7. Nge2 Qc8 8.
Qd4 a6 9. Ba4 Nc6 10. Bxc6 Bxc6 11. Rd1 Be7 12. O-O O-O 13. b4 Rd8 14. Qc4 e5
15. a4 Qg4 16. b5 axb5 17. axb5 Bd7 18. c6 Be6 19. Rxd8+ Rxd8 20. Qa4 bxc6 21.
b6 Bd5 22. Rb1 Bd6 23. b7 Bb8 24. Qa6 Qe6 25. h3 Nd7 26. Qa5 Rf8 27. Ba7 f5 28.
Bxb8 Nxb8 29. Rd1 Bc4 30. Qc5 Ba6 31. Qb4 Qf7 32. Rb1 Qc7 33. Ng3 Rf7 34. Qb3
g6 35. Ngxe4 fxe4 36. Nxe4 c5 37. Qe6 Qe7 38. Qxe7 Rxe7 39. Nxc5 Bc4 40. Ra1
Kf7 41. Ra8 Re8 42. Rxb8 Rxb8 43. Nd7 Rxb7 44. Nxe5+ Ke6 45. Nxc4 Rb1+ 46. Kh2
g5 47. Kg3 h5 48. Ne3 Ke5 49. Nc4+ Kf5 50. Kf3 Rb4 51. Ne3+ Ke5 52. Ke2 Rb8 53.
Kf3 Rf8+ 54. Ke2 Ke4 55. Nc4 Ra8 56. Ne3 Ra1 57. Kd2 Rb1 58. Ke2 Rg1 59. Kd2
Ra1 60. Ke2 Rc1 61. Kd2 Rg1 62. Ke2 h4 63. Ng4 Ra1 1/2-1/2

[Event "13th Philadelphia International"]
[Site "Philadelphia"]
[Date "2019.06.29"]
[Round "4"]
[White "Jacobson, Aaron"]
[Black "Shetty, Atulya"]
[Result "1/2-1/2"]
[WhiteElo "2302"]
[BlackElo "2431"]
[PlyCount "94"]
[EventDate "2019.06.??"]
[EventType "swiss"]
[EventRounds "9"]
[EventCountry "USA"]

1. e4 e6 2. d4 d5 3. Nc3 Nf6 4. e5 Nfd7 5. Nce2 c5 6. c3 Nc6 7. Nf3 Qb6 8. a3
f6 9. exf6 Nxf6 10. g3 cxd4 11. cxd4 e5 12. Nxe5 Nxe5 13. dxe5 Bc5 14. Be3 Bxe3
15. fxe3 Ng4 16. Qd4 Nxe3 17. Qxb6 axb6 18. Nd4 O-O 19. Kd2 Ng4 20. Re1 Nf2 21.
Rg1 Ra4 22. Ke3 Ng4+ 23. Kd3 Bf5+ 24. Nxf5 Rxf5 25. e6 Kf8 26. e7+ Ke8 27. Kc2
Re4 28. Bd3 Rf2+ 29. Kb1 Rxe7 30. Bxh7 Rxh2 31. Bg6+ Kd8 32. Rd1 Nf6 33. g4 Re5
34. g5 Nd7 35. Bf7 Ree2 36. Ka1 Rxb2 37. Bxd5 Kc7 38. Rb1 Rbd2 39. Rbd1 Nc5 40.
Rxd2 Rxd2 41. Bf7 Nd3 42. Bd5 b5 43. Rb1 b4 44. axb4 Nxb4 45. Bg8 Nc6 46. Rf1
Ne5 47. Rc1+ Kd8 1/2-1/2

[Event "13th Philadelphia International"]
[Site "Philadelphia"]
[Date "2019.06.29"]
[Round "4"]
[White "Santarius, Erik"]
[Black "Plotkin, Victor"]
[Result "1-0"]
[WhiteElo "2403"]
[BlackElo "2297"]
[PlyCount "83"]
[EventDate "2019.06.??"]
[EventType "swiss"]
[EventRounds "9"]
[EventCountry "USA"]

1. d4 Nf6 2. Nf3 e6 3. c4 b6 4. a3 Bb7 5. Nc3 d5 6. Bg5 Be7 7. Bxf6 Bxf6 8.
cxd5 exd5 9. g3 O-O 10. Bg2 Re8 11. O-O Nd7 12. Rc1 c6 13. e3 Be7 14. Ne2 Bd6
15. Nf4 a5 16. Qc2 Rc8 17. Rfd1 g6 18. h4 Kg7 19. Ng5 Rc7 20. Rd3 Nf6 21. Rc3
Rce7 22. Qb1 Ne4 23. Nxe4 dxe4 24. b4 axb4 25. axb4 Bxf4 26. gxf4 Re6 27. b5
cxb5 28. h5 gxh5 29. Rc7 R8e7 30. Rxe7 Qxe7 31. Qxb5 h4 32. Bh3 Rg6+ 33. Kh2
Qa3 34. Qe5+ Kh6 35. Rg1 Qd6 36. Rxg6+ Qxg6 37. Bf5 f6 38. Qe6 Qg7 39. d5 Ba6
40. d6 Bf1 41. Bh3 Bxh3 42. Kxh3 1-0

[Event "13th Philadelphia International"]
[Site "Philadelphia"]
[Date "2019.06.29"]
[Round "4"]
[White "Kumar, Aravind"]
[Black "Tutisani, Noe"]
[Result "1-0"]
[WhiteElo "2242"]
[BlackElo "2460"]
[PlyCount "55"]
[EventDate "2019.06.??"]
[EventType "swiss"]
[EventRounds "9"]
[EventCountry "USA"]

1. d4 Nf6 2. c4 b6 3. Nc3 Bb7 4. e3 g6 5. f3 d5 6. Bd3 Bg7 7. Nge2 O-O 8. O-O
Nbd7 9. cxd5 Nxd5 10. e4 Nxc3 11. bxc3 e5 12. Be3 c5 13. d5 f5 14. exf5 gxf5
15. Qc2 Qf6 16. c4 Rae8 17. Rae1 Bc8 18. Ng3 f4 19. Nh5 Qh4 20. Bxh7+ Kh8 21.
Qg6 Bf6 22. Bxf4 exf4 23. Rxe8 Bd4+ 24. Kh1 Rxe8 25. Qxe8+ Kxh7 26. Qxc8 Ne5
27. Qf5+ Ng6 28. d6 1-0

[Event "13th Philadelphia International"]
[Site "Philadelphia"]
[Date "2019.06.29"]
[Round "4"]
[White "Sarkar, Justin"]
[Black "Cupid, Kevin"]
[Result "1/2-1/2"]
[WhiteElo "2359"]
[BlackElo "2150"]
[PlyCount "70"]
[EventDate "2019.06.??"]
[EventType "swiss"]
[EventRounds "9"]
[EventCountry "USA"]

1. d4 Nf6 2. c4 e6 3. Nf3 Bb4+ 4. Nbd2 d5 5. Qc2 O-O 6. g3 c5 7. Bg2 cxd4 8.
Nxd4 e5 9. N4b3 a5 10. a3 Be7 11. Nf3 a4 12. Nbd2 e4 13. Nd4 Nc6 14. Nxc6 bxc6
15. O-O Ng4 16. Nb1 Be6 17. Nc3 Qa5 18. Bf4 Qa6 19. cxd5 cxd5 20. Rad1 Rfd8 21.
h3 Nf6 22. Rd4 Qc8 23. Kh2 Nh5 24. Rxa4 Rxa4 25. Qxa4 Nxf4 26. gxf4 Qb8 27. e3
Qxb2 28. Qa5 Bf6 29. Nb5 g5 30. fxg5 Be5+ 31. Kg1 Rc8 32. Qb4 Qxb4 33. axb4 Rb8
34. Na7 Rb6 35. Rc1 Bb2 1/2-1/2

[Event "13th Philadelphia International"]
[Site "Philadelphia"]
[Date "2019.06.29"]
[Round "4"]
[White "Harriott, Tyrell"]
[Black "Barretto, Franz"]
[Result "1-0"]
[WhiteElo "2003"]
[BlackElo "2121"]
[PlyCount "71"]
[EventDate "2019.06.??"]
[EventType "swiss"]
[EventRounds "9"]
[EventCountry "USA"]

1. d4 Nf6 2. e3 g6 3. Bd3 Bg7 4. f4 O-O 5. Nf3 c5 6. O-O Qb6 7. f5 d5 8. fxg6
hxg6 9. c3 Bg4 10. h3 Bxf3 11. Qxf3 Nc6 12. Qf4 Rae8 13. Qh4 Nd7 14. Nd2 Nf6
15. Nf3 Nh7 16. Kh1 e5 17. dxc5 Qxc5 18. e4 dxe4 19. Bxe4 Qc4 20. Qe1 Qe6 21.
Be3 f5 22. Bc2 Qe7 23. Qg3 f4 24. Qxg6 e4 25. Bd4 Nxd4 26. Nxd4 Rf6 27. Qg4
Ref8 28. Bb3+ Kh8 29. Ne6 Rxe6 30. Qxe6 Qh4 31. Qg4 Qh6 32. Rae1 e3 33. Bc2 Be5
34. Bxh7 Kxh7 35. Qf3 b6 36. Qe4+ 1-0

[Event "13th Philadelphia International"]
[Site "Philadelphia"]
[Date "2019.06.28"]
[Round "3.1"]
[White "Nyzhnyk, Illya"]
[Black "Niemann, Hans"]
[Result "1-0"]
[WhiteElo "2649"]
[BlackElo "2460"]
[PlyCount "66"]
[EventDate "2019.06.??"]
[EventType "swiss"]
[EventRounds "9"]
[EventCountry "USA"]

1. c4 c5 2. Nf3 Nf6 3. b3 d5 4. cxd5 Nxd5 5. Bb2 Nc6 6. Nc3 e5 7. e3 Nxc3 8.
Bxc3 Bd6 9. h4 Qe7 10. Ng5 h6 11. Ne4 Bc7 12. Bc4 g6 13. g4 f5 14. gxf5 Bxf5
15. Ng3 Be6 16. Qb1 Qf7 17. h5 g5 18. Qg6 Ke7 19. Bxe6 Qxe6 20. Ne4 b6 21. Ke2
Rhf8 22. a3 a5 23. Rab1 Qg4+ 24. Kd3 Rad8+ 25. Kc2 Bd6 26. f4 Qf5 27. fxg5 hxg5
28. Rbg1 Qxg6 29. hxg6 Kd7 30. Rh7+ Be7 31. Rxg5 Ke6 32. g7 Rg8 33. Rg6+ Kd5
1-0

[Event "13th Philadelphia International"]
[Site "Philadelphia"]
[Date "2019.06.28"]
[Round "3.2"]
[White "Wang, Justin"]
[Black "Lenderman, Aleksandr"]
[Result "0-1"]
[WhiteElo "2444"]
[BlackElo "2640"]
[PlyCount "116"]
[EventDate "2019.06.??"]
[EventType "swiss"]
[EventRounds "9"]
[EventCountry "USA"]

1. e4 e5 2. Nf3 Nf6 3. Nxe5 d6 4. Nf3 Nxe4 5. Qe2 Qe7 6. d3 Nf6 7. Bg5 Qxe2+ 8.
Bxe2 Be7 9. Nc3 O-O 10. O-O h6 11. Bf4 Nc6 12. Rfe1 Be6 13. Nb5 Nd5 14. Bg3 a6
15. Nbd4 Bd7 16. Nxc6 bxc6 17. Rac1 Bf6 18. d4 Rfb8 19. c4 Ne7 20. b3 Nf5 21.
Rcd1 a5 22. Be5 Bd8 23. Bf4 g5 24. Be3 a4 25. Nd2 axb3 26. axb3 Bf6 27. Bd3
Nxd4 28. h4 d5 29. hxg5 hxg5 30. Bxd4 Bxd4 31. Nf3 Bf6 32. Ne5 Be8 33. Bf5 Rd8
34. Ng4 Kg7 35. Rd3 dxc4 36. Rxd8 Rxd8 37. bxc4 Bd4 38. Ne3 c5 39. Be4 Bd7 40.
Nf5+ Kf6 41. g4 Be6 42. Rc1 Ke5 43. Re1 Kf6 44. Rc1 Rb8 45. Rc2 Rb4 46. Bd3 Rb3
47. Be4 Rb4 48. Bd3 Bc8 49. Be4 Ba6 50. Bd5 c6 51. Bxc6 Bxc4 52. Nd6 Rb1+ 53.
Kg2 Bf1+ 54. Kg3 Be5+ 55. f4 Bxd6 56. Rf2 Bxf4+ 57. Kf3 Rb3+ 58. Ke4 Re3+ 0-1

[Event "13th Philadelphia International"]
[Site "Philadelphia"]
[Date "2019.06.28"]
[Round "3.3"]
[White "Bryant, John Daniel"]
[Black "Gareyev, Timur"]
[Result "1/2-1/2"]
[WhiteElo "2434"]
[BlackElo "2584"]
[PlyCount "46"]
[EventDate "2019.06.??"]
[EventType "swiss"]
[EventRounds "9"]
[EventCountry "USA"]

1. e4 e5 2. Nf3 Nc6 3. d4 exd4 4. Nxd4 Qf6 5. Nf3 h6 6. Be2 Bb4+ 7. c3 Bc5 8.
O-O Nge7 9. Nbd2 Ng6 10. Nc4 O-O 11. Be3 Bxe3 12. Nxe3 d6 13. Nd5 Qd8 14. Nd4
Nxd4 15. Qxd4 c6 16. Ne3 Nf4 17. Rfe1 Qg5 18. g3 Rd8 19. Bf1 Nh3+ 20. Bxh3 Bxh3
21. f4 Qh5 22. Qd1 Qxd1 23. Raxd1 Be6 1/2-1/2

[Event "13th Philadelphia International"]
[Site "Philadelphia"]
[Date "2019.06.28"]
[Round "3"]
[White "Shetty, Atulya"]
[Black "Stukopin, Andrey"]
[Result "0-1"]
[WhiteElo "2431"]
[BlackElo "2562"]
[PlyCount "138"]
[EventDate "2019.06.??"]
[EventType "swiss"]
[EventRounds "9"]
[EventCountry "USA"]

1. c4 c5 2. g3 Nc6 3. Bg2 g6 4. Nc3 Bg7 5. Nf3 d6 6. O-O Bf5 7. d3 Qd7 8. e3
Bh3 9. Bxh3 Qxh3 10. d4 Nh6 11. dxc5 Bxc3 12. bxc3 Ng4 13. cxd6 Nce5 14. Re1
Rd8 15. Ba3 exd6 16. Rb1 O-O 17. Rxb7 Rfe8 18. Qd5 h6 19. Rb2 Nf6 20. Qd1 Nxc4
21. Qd4 Nxb2 22. Bxb2 Qf5 23. Kg2 Re4 24. Qxa7 Qb5 25. Ba1 Qc6 26. Rb1 Ra8 27.
Rb8+ Rxb8 28. Qxb8+ Re8 29. Qb2 Ng4 30. Qe2 Ne5 31. c4 Qxc4 32. Qd2 Qe4 33.
Bxe5 dxe5 34. h3 Re6 35. Qe2 Rf6 36. g4 Rc6 37. Kg3 Kg7 38. Qb5 Re6 39. Qb2 Re7
40. Qc3 f6 41. Qa3 Rd7 42. Qb3 Qd5 43. Qa4 Rc7 44. Qa3 Qf7 45. h4 Ra7 46. Qb4
Qb7 47. Qd2 Qd7 48. Qc2 h5 49. Nh2 Ra4 50. g5 fxg5 51. hxg5 Kh7 52. Qc5 e4 53.
a3 Qd8 54. f4 exf3 55. Nxf3 Ra5 56. Qb4 Qc7+ 57. Kg2 Qa7 58. Kg3 Rxa3 59. Qf8
Qc7+ 60. Kh3 Qd7+ 61. Kg3 Qg4+ 62. Kf2 Ra2+ 63. Ke1 Qg3+ 64. Kd1 Ra1+ 65. Kd2
Qf2+ 66. Kd3 Qf1+ 67. Kc3 Qc1+ 68. Kd4 Ra4+ 69. Kd5 Qc4+ 0-1

[Event "13th Philadelphia International"]
[Site "Philadelphia"]
[Date "2019.06.28"]
[Round "3"]
[White "Cordova, Emilio"]
[Black "Mulyar, Michael"]
[Result "1/2-1/2"]
[WhiteElo "2615"]
[BlackElo "2381"]
[PlyCount "63"]
[EventDate "2019.06.??"]
[EventType "swiss"]
[EventRounds "9"]
[EventCountry "USA"]

1. Nf3 d5 2. g3 Nf6 3. Bg2 c6 4. c4 g6 5. b3 Bg7 6. Bb2 O-O 7. O-O Bf5 8. d3
Qc8 9. Nbd2 Bh3 10. Rc1 Bxg2 11. Kxg2 Qd8 12. Qc2 Nbd7 13. cxd5 cxd5 14. Qc7
Qb8 15. Ba3 Re8 16. e4 dxe4 17. dxe4 e5 18. Rfd1 Rc8 19. Qxb8 Raxb8 20. Nc4 b5
21. Ncxe5 Nxe5 22. Nxe5 Rxc1 23. Rxc1 Nxe4 24. Nc6 Ra8 25. Bb4 Bf8 26. Ba5 a6
27. Bb6 Re8 28. a4 Nd2 29. axb5 axb5 30. Be3 Nxb3 31. Rb1 Nc5 32. Rxb5 1/2-1/2

[Event "13th Philadelphia International"]
[Site "Philadelphia"]
[Date "2019.06.28"]
[Round "3"]
[White "Andriasian, Zaven"]
[Black "Sarkar, Justin"]
[Result "1-0"]
[WhiteElo "2600"]
[BlackElo "2359"]
[PlyCount "73"]
[EventDate "2019.06.??"]
[EventType "swiss"]
[EventRounds "9"]
[EventCountry "USA"]

1. e4 e5 2. Nf3 Nc6 3. Bc4 Nf6 4. d3 d5 5. exd5 Nxd5 6. O-O Bc5 7. Nbd2 O-O 8.
Ne4 Be7 9. Re1 Nb6 10. Bb3 a5 11. a4 Bg4 12. c3 Qd7 13. h3 Bh5 14. Ng3 Bg6 15.
Nxe5 Nxe5 16. Rxe5 Rfe8 17. Qf3 Bd6 18. Rxe8+ Rxe8 19. Ne4 Bf8 20. Bf4 c6 21.
Re1 Nd5 22. Bd2 f5 23. Ng3 Rxe1+ 24. Bxe1 Be7 25. Bd2 h6 26. d4 Bh4 27. Bf4 Bf7
28. Be5 Be6 29. Bc2 g6 30. Ne2 Kh7 31. Nc1 Be7 32. Nd3 b6 33. Bg3 h5 34. Qe2 h4
35. Bh2 Bf6 36. Ne5 Qe8 37. Qa6 1-0

[Event "13th Philadelphia International"]
[Site "Philadelphia"]
[Date "2019.06.28"]
[Round "3"]
[White "Barbosa, Oliver"]
[Black "Wang, Tianqi"]
[Result "1-0"]
[WhiteElo "2543"]
[BlackElo "2333"]
[PlyCount "79"]
[EventDate "2019.06.??"]
[EventType "swiss"]
[EventRounds "9"]
[EventCountry "USA"]

1. d4 Nf6 2. Bg5 d5 3. Bxf6 exf6 4. e3 Bd6 5. g3 O-O 6. Bg2 c6 7. Nd2 Re8 8.
Ne2 f5 9. O-O Be6 10. c4 dxc4 11. Qc2 Nd7 12. Nxc4 Bxc4 13. Qxc4 Nf6 14. Qc2 g6
15. a3 a5 16. a4 Qb6 17. Nc1 h5 18. Nd3 Rad8 19. Rfb1 Ne4 20. b4 axb4 21. a5
Qa7 22. Nxb4 Bxb4 23. Rxb4 c5 24. dxc5 Nxc5 25. Rb5 Ne4 26. Bxe4 fxe4 27. Qc7
Rb8 28. Rb6 Qa8 29. Kg2 Rec8 30. Qe5 Re8 31. Qd5 Kg7 32. a6 bxa6 33. Qd4+ Kg8
34. Raxa6 Rxb6 35. Rxa8 Rxa8 36. Qxb6 Re8 37. Qd6 Re6 38. Qd8+ Kg7 39. Kf1 f5
40. Kg2 1-0